000 00321nam a22001457a 4500
008 221014b ||||| |||| 00| 0 eng d
020 _a17572850582
041 _aeng
080 _2SECOND EDITION
_a610.73
082 _a610.73
100 _a8
101 _aINF
245 _aBRIGHT FUTURES
_cGREEN M
942 _2udc
_cBK
999 _c58557
_d58557